আধুনিক পাশ্চাত্য দর্শন / (Record no. 85937)
[ view plain ]
| 000 -LEADER | |
|---|---|
| fixed length control field | 01028nam a2200277 a 4500 |
| 001 - CONTROL NUMBER | |
| control field | 85937 |
| 003 - CONTROL NUMBER IDENTIFIER | |
| rucl marc code | BD-RjUL |
| 005 - DATE AND TIME OF LATEST TRANSACTION | |
| control field | 20251111124015.0 |
| 008 - FIXED-LENGTH DATA ELEMENTS--GENERAL INFORMATION | |
| fixed length control field | 251111r20241999bg ||||| |||| 00| 0 ben d |
| 020 ## - INTERNATIONAL STANDARD BOOK NUMBER | |
| International Standard Book Number | 9844101514 : |
| Terms of availability | Tk.450.00 |
| 035 ## - SYSTEM CONTROL NUMBER | |
| System control number | (BD-RjUL)85937 |
| 040 ## - CATALOGING SOURCE | |
| Original cataloging agency | BD-RjUL |
| Language of cataloging | ben |
| Transcribing agency | BD-RjUL |
| Modifying agency | BD-RjUL |
| 041 ## - LANGUAGE CODE | |
| Language code of text/sound track or separate title | ben |
| 082 ## - DEWEY DECIMAL CLASSIFICATION NUMBER | |
| Edition number | 23 |
| Classification number | 190 |
| Author mark and year | ISA 2024 |
| 100 1# - MAIN ENTRY--PERSONAL NAME | |
| Personal name | ইসলাম, আমিনুল |
| 9 (RLIN) | 127345 |
| 245 10 - TITLE STATEMENT | |
| Title | আধুনিক পাশ্চাত্য দর্শন / |
| Statement of responsibility, etc. | আমিনুল ইসলাম |
| 250 ## - EDITION STATEMENT | |
| Edition statement | ৪র্থ সং. |
| 260 ## - PUBLICATION, DISTRIBUTION, ETC. (IMPRINT) | |
| Place of publication, distribution, etc. | ঢাকা : |
| Name of publisher, distributor, etc. | মাওলা ব্রাদার্স, |
| Date of publication, distribution, etc. | ১৯৯৯, [ মুদ্রণ২০২৪] |
| 300 ## - PHYSICAL DESCRIPTION | |
| Pagination | ৩৬৫ পৃ. ; |
| Size | ২২ সেমি. |
| 500 ## - GENERAL NOTE | |
| General note | নির্ঘন্ট সংযুক্ত |
| 650 ## - SUBJECT ADDED ENTRY--TOPICAL TERM | |
| Topical term or geographic name as entry element | পাশ্চাত্য দর্শন |
| 9 (RLIN) | 15315 |
| Topical term or geographic name as entry element | Western philosophy |
| 9 (RLIN) | 15316 |
| Topical term or geographic name as entry element | দর্শন |
| 9 (RLIN) | 127346 |
| Topical term or geographic name as entry element | Philosophy |
| 9 (RLIN) | 127347 |
| 942 ## - ADDED ENTRY ELEMENTS (KOHA) | |
| Source of classification or shelving scheme | Dewey Decimal Classification |
| Koha item type | Books |
| Lost status | Source of classification or shelving scheme | Damaged status | Not for loan | Collection code | Permanent Location | Current Location | Shelving location | Date acquired | Source of acquisition | Cost, normal purchase price | Total Checkouts | Full call number | Date last seen | Copy number | Koha item type |
|---|---|---|---|---|---|---|---|---|---|---|---|---|---|---|---|
| Dewey Decimal Classification | Not For Loan | Non-fiction | Central Library, University of Rajshahi | Central Library, University of Rajshahi | Reading Room | 11/11/2025 | Bidyasagar, Rajshahi | 337.50 | B 190 ISA 2024 | 11/11/2025 | C-1 | Books | |||
| Dewey Decimal Classification | Non-fiction | Central Library, University of Rajshahi | Central Library, University of Rajshahi | General Stacks | 11/11/2025 | Bidyasagar, Rajshahi | 337.50 | B 190 ISA 2024 | 11/11/2025 | C-2 | Books | ||||
| Dewey Decimal Classification | Non-fiction | Central Library, University of Rajshahi | Central Library, University of Rajshahi | General Stacks | 11/11/2025 | Bidyasagar, Rajshahi | 337.50 | B 190 ISA 2024 | 11/11/2025 | C-3 | Books |